000 01079nam a22003377a 4500
003 CHAP
005 20220817041556.0
008 971013s1981 r 00010 d
010 _a18493
011 _a19465
035 _a23550
040 _cCHAP
090 _aFolleto 9171
110 _aCentro de Estudios Económicos y Sociales del Tercer Mundo. México
_921073
245 _aDesarrollo rural
260 _aMéxdico, D.F. :
_bEl centro,
_c1981
300 _a105 p.
490 _aLecturas del ceestem
_v; 1 (2)
590 _aBATCH-UPD
_b10
_c20130110
_lUCH01
_h0251
590 _aBATCH-UPD
_b10
_c20130110
_lUCH01
_h0955
590 _aBATCH-UPD
_b10
_c20130409
_lUCH01
_h2322
590 _aBATCH-UPD
_b10
_c20130914
_lUCH01
_h1155
590 _aCONVERSION
_b10
_c20130109
_lUCH01
_h1311
650 1 4 _aDesarrollo rural.
_932067
650 1 4 _aMéxico
_xCondiciones rurales.
650 1 4 _aMéxico
_xCondiciones sociales.
_976730
830 0 _aLecturas del ceestem
_v; 1 (2)
_965510
901 _aBK
942 _cFOLL
949 _aFolleto 9171
_bBC
_cFOLL
_d-54757
_eTS1
_i23550
_mD
_si
999 _c18493
_d18493